[Event "22nd 4NCL Congress"]
[Site "Telford"]
[Date "2019.07.19"]
[Round "1"]
[Board "1"]
[White "Zabrocki, Philip"]
[Black "O'gorman, Brendan"]
[Result "1/2-1/2"]
[WhiteElo "1952"]
[BlackElo "1722"]
[PlyCount "65"]
[EventDate "2019.07.19"]
[EventRounds "5"]
[EventCountry "ENG"]

1. e4 c5 2. Nc3 e6 3. f4 Nc6 4. Nf3 d5 5. Bb5 Nge7 6. exd5 exd5 7. Qe2 g6 8.
Qe5 Rg8 9. O-O Bg7 10. Qe2 Kf8 11. Bxc6 Nxc6 12. h3 Nd4 13. Qd1 Nxf3+ 14. Qxf3
Bd4+ 15. Kh2 Be6 16. d3 Kg7 17. Ne2 Bf6 18. c3 d4 19. c4 Qc7 20. Kg1 Bd7 21.
Qf2 Rge8 22. f5 g5 23. Ng3 Qc6 24. Bd2 Re5 25. Qf3 Qxf3 26. Rxf3 Kf8 27. Ne4
Bd8 28. f6 h6 29. h4 Bc6 30. hxg5 Bxe4 31. dxe4 hxg5 32. Raf1 Rc8 33. Rf5
 1/2-1/2

[Event "22nd 4NCL Congress"]
[Site "Telford"]
[Date "2019.07.19"]
[Round "1"]
[Board "2"]
[White "Waterfield, Mark Bw"]
[Black "Gostelow, David W"]
[Result "1/2-1/2"]
[WhiteElo "1721"]
[BlackElo "1906"]
[PlyCount "80"]
[EventDate "2019.07.19"]
[EventRounds "5"]
[EventCountry "ENG"]

1. e4 c5 2. Nf3 Nc6 3. Bb5 g6 4. O-O Bg7 5. c3 Nf6 6. Re1 O-O 7. d4 Qb6 8. a4
d6 9. h3 a6 10. Bxc6 Qxc6 11. Qe2 b6 12. Nbd2 Bb7 13. d5 Qc7 14. Nf1 e6 15. c4
exd5 16. exd5 Rfe8 17. Be3 b5 18. axb5 axb5 19. Rxa8 Rxa8 20. b3 Re8 21. Qd3
Nd7 22. Ng3 Qa5 23. Rf1 Qd8 24. Ne4 Qe7 25. Ng3 Ne5 26. Qe2 bxc4 27. bxc4 Ba6
28. Nxe5 Qxe5 29. Rc1 h5 30. Qc2 h4 31. Nf1 Bc8 32. Bd2 Bf5 33. Qb3 Qd4 34. Bc3
Qf4 35. Qb2 Bxc3 36. Rxc3 Qd4 37. Ne3 Be4 38. Qb3 g5 39. Rc1 Kg7 40. Rd1 Qe5
 1/2-1/2

[Event "22nd 4NCL Congress"]
[Site "Telford"]
[Date "2019.07.19"]
[Round "1"]
[Board "3"]
[White "Bryant, Richard Be"]
[Black "Potter, Steven"]
[Result "0-1"]
[WhiteElo "1900"]
[BlackElo "1720"]
[PlyCount "104"]
[EventDate "2019.07.19"]
[EventRounds "5"]
[EventCountry "ENG"]

1. e4 e6 2. d4 b6 3. Nf3 Bb7 4. Nc3 Bb4 5. Bd3 Nf6 6. Qe2 d5 7. e5 Ne4 8. Bd2
Bxc3 9. bxc3 Nxd2 10. Nxd2 Nd7 11. Qg4 g6 12. O-O Qe7 13. a4 a5 14. Qf3 O-O 15.
Qh3 c5 16. f4 f5 17. Nf3 Rfc8 18. Ng5 cxd4 19. cxd4 Rc3 20. Rf3 Nf8 21. Rb1 Bc6
22. g4 Bxa4 23. gxf5 exf5 24. Be4 Rxf3 25. Bxd5+ Kg7 26. Qxf3 Rb8 27. c4 h6 28.
Nh3 Ne6 29. Qc3 Nc7 30. Bg2 Ne6 31. Kh1 Qc7 32. d5 Nc5 33. e6+ Kh7 34. Re1 Be8
35. Qd4 Rd8 36. Qf6 Rd6 37. Qf8 Qd8 38. Nf2 a4 39. Nd1 Nxe6 40. Qxd6 Qxd6 41.
Rxe6 Qd8 42. Nc3 Bd7 43. Re1 a3 44. d6 Qf6 45. Re7+ Kh8 46. Bd5 Qxc3 47. Rxd7
a2 48. Rd8+ Kh7 49. Rd7+ Qg7 50. Rxg7+ Kxg7 51. d7 a1=Q+ 52. Kg2 Qf6  0-1

[Event "22nd 4NCL Congress"]
[Site "Telford"]
[Date "2019.07.19"]
[Round "1"]
[Board "4"]
[White "Pinch, David"]
[Black "Spanton, Tim R"]
[Result "1/2-1/2"]
[WhiteElo "1703"]
[BlackElo "1900"]
[PlyCount "105"]
[EventDate "2019.07.19"]
[EventRounds "5"]
[EventCountry "ENG"]

1. d4 d5 2. c4 e5 3. dxe5 d4 4. Nf3 Nc6 5. g3 Nge7 6. Bg2 Ng6 7. O-O Ngxe5 8.
Nxe5 Nxe5 9. Bf4 Ng6 10. Qd2 Nxf4 11. Qxf4 Qd6 12. Qe4+ Be7 13. Rd1 Be6 14. Nd2
O-O 15. Rac1 c5 16. b3 Rab8 17. Nf3 f5 18. Qd3 f4 19. Ne1 fxg3 20. hxg3 Bg5 21.
f4 Bxf4 22. gxf4 Rxf4 23. Nf3 Rg4 24. Rf1 Rf8 25. Nh2 Rgf4 26. Rxf4 Rxf4 27.
Rf1 Bf5 28. Qg3 Rxf1+ 29. Nxf1 Qxg3 30. Nxg3 Bb1 31. Bxb7 Bxa2 32. Bd5+ Kf8 33.
Ne4 Bxb3 34. Nxc5 Bd1 35. Ne6+ Ke7 36. Nxd4 Kd6 37. e4 a5 38. Nb5+ Kc5 39. e5
Bg4 40. Kf2 a4 41. Kg3 Bd7 42. e6 Be8 43. Kf4 Kb4 44. Ke5 Kc5 45. e7 h5 46. Be6
h4 47. Kf4 a3 48. Nxa3 Kd6 49. Bh3 Kxe7 50. Kg4 Kd6 51. Kxh4 Kc5 52. Be6 Bg6
53. Nb5  1/2-1/2

[Event "22nd 4NCL Congress"]
[Site "Telford"]
[Date "2019.07.19"]
[Round "1"]
[Board "5"]
[White "Jamieson, Ian M"]
[Black "Ratnesan, Rajeiv"]
[Result "1-0"]
[WhiteElo "1897"]
[BlackElo "1678"]
[PlyCount "135"]
[EventDate "2019.07.19"]
[EventRounds "5"]
[EventCountry "ENG"]

1. f4 f5 2. b3 Nf6 3. Bb2 g6 4. Bxf6 exf6 5. c4 b6 6. Nc3 Bb7 7. e3 Nc6 8. Nf3
Bg7 9. Be2 Ne7 10. O-O O-O 11. b4 Kh8 12. Nd4 Re8 13. Bf3 Bxf3 14. Qxf3 d6 15.
Nc6 Qd7 16. b5 Nxc6 17. bxc6 Qe6 18. Nd5 Rac8 19. d3 Kg8 20. Rae1 Qf7 21. Kh1
Kh8 22. a4 a5 23. h3 Kg8 24. Nc3 Kh8 25. Qd5 Kg8 26. Qxf7+ Kxf7 27. Nd5 Bf8 28.
g3 Bg7 29. Kg2 Bf8 30. Kf3 Bg7 31. Re2 Bf8 32. g4 fxg4+ 33. hxg4 h6 34. f5 g5
35. e4 Bg7 36. Rh2 Rh8 37. d4 Rhe8 38. Ke3 Kg8 39. Rfh1 Kf7 40. Kd3 Kg8 41. Rb2
Kf7 42. Rb5 Bf8 43. Rb2 Kg7 44. Re2 Kf7 45. Rhe1 Kg8 46. Nc3 Kf7 47. Rb2 Kg7
48. d5 Kf7 49. Nb5 Kg8 50. Nd4 Kf7 51. Ne6 Bg7 52. c5 dxc5 53. Kc4 Re7 54. Rh2
Ree8 55. Kb5 Re7 56. Ka6 Ree8 57. Rd2 Bf8 58. Nxf8 Rxf8 59. d6 Ra8+ 60. Kb5
Rfd8 61. d7 Rh8 62. Rh2 Rh7 63. e5 Rhh8 64. exf6 Kxf6 65. Re6+ Kg7 66. Rhe2 Kf7
67. Re7+ Kf6 68. R2e6#  1-0

[Event "22nd 4NCL Congress"]
[Site "Telford"]
[Date "2019.07.19"]
[Round "1"]
[Board "6"]
[White "Preece, Tony"]
[Black "Hilton, Tim"]
[Result "1/2-1/2"]
[WhiteElo "1645"]
[BlackElo "1892"]
[PlyCount "75"]
[EventDate "2019.07.19"]
[EventRounds "5"]
[EventCountry "ENG"]

1. d4 Nf6 2. Bf4 g6 3. Nc3 d5 4. e3 Bg7 5. Be2 O-O 6. h4 c5 7. Nb5 Nc6 8. dxc5
e5 9. Bg5 Be6 10. Qd2 b6 11. cxb6 Qxb6 12. Nc3 d4 13. Na4 Qb4 14. Qxb4 Nxb4 15.
Bxf6 Bxf6 16. Bd3 Rac8 17. Kd2 Rfd8 18. e4 Bc4 19. Rh3 Bxd3 20. cxd3 Rc2+ 21.
Ke1 Rdc8 22. Ne2 Be7 23. a3 Na6 24. b4 f5 25. exf5 gxf5 26. Kd1 e4 27. Rc1
Rxc1+ 28. Nxc1 Nc7 29. dxe4 fxe4 30. Rg3+ Kf7 31. Rg4 Nb5 32. Rxe4 Bf6 33. Kd2
Nxa3 34. Nc5 a5 35. Rf4 Nc4+ 36. Ke2 axb4 37. N1b3 Re8+ 38. Re4  1/2-1/2

[Event "22nd 4NCL Congress"]
[Site "Telford"]
[Date "2019.07.19"]
[Round "1"]
[Board "7"]
[White "Cast, Julian"]
[Black "Maladkar, Lavanya"]
[Result "1-0"]
[WhiteElo "1890"]
[BlackElo "1640"]
[PlyCount "85"]
[EventDate "2019.07.19"]
[EventRounds "5"]
[EventCountry "ENG"]

1. e4 c5 2. c3 Nf6 3. e5 Nd5 4. Nf3 e6 5. d4 cxd4 6. Qxd4 Nc6 7. Qe4 d6 8. g3
dxe5 9. Nxe5 Nxe5 10. Qxe5 Qf6 11. Qxf6 Nxf6 12. Bg2 Bc5 13. O-O O-O 14. b4 Bb6
15. Bb2 Nd5 16. a3 Bc7 17. c4 Nb6 18. Rc1 Rb8 19. a4 a5 20. b5 Nd7 21. c5 b6
22. cxb6 Be5 23. Bxe5 Nxe5 24. Nd2 Bb7 25. Rc7 Bd5 26. f4 Bxg2 27. Kxg2 Ng4 28.
Nc4 Rfd8 29. b7 h5 30. Ra2 Nf6 31. Nxa5 Nd5 32. Rc5 Re8 33. Kf3 Nb6 34. Rxh5 f5
35. g4 g6 36. Rg5 Kh7 37. gxf5 exf5 38. h4 Nd5 39. h5 Re3+ 40. Kf2 Re4 41.
hxg6+ Kg7 42. Rxf5 Nxf4 43. Kf3  1-0

[Event "22nd 4NCL Congress"]
[Site "Telford"]
[Date "2019.07.19"]
[Round "1"]
[Board "8"]
[White "Morgans, Justin"]
[Black "Whitehead, Mark A"]
[Result "0-1"]
[WhiteElo "1639"]
[BlackElo "1887"]
[PlyCount "80"]
[EventDate "2019.07.19"]
[EventRounds "5"]
[EventCountry "ENG"]

1. d4 Nf6 2. c4 e6 3. a3 b6 4. Nf3 Bb7 5. e3 d6 6. Nc3 Nbd7 7. Be2 Be7 8. O-O
O-O 9. Qc2 c5 10. b4 Rc8 11. Bb2 cxd4 12. exd4 Bxf3 13. gxf3 Nh5 14. Bc1 Bg5
15. Ne4 Bf4 16. Bxf4 Nxf4 17. Kh1 Nf6 18. Rg1 d5 19. Nxf6+ Qxf6 20. Qd2 Nxe2
21. Qxe2 Rxc4 22. Rad1 Rxd4 23. Rxd4 Qxd4 24. Rg4 Qf6 25. Qe3 Rc8 26. Rf4 Qa1+
27. Kg2 Rc1 28. Rg4 h5 29. Rg3 Re1 30. Qg5 Rg1+ 31. Kh3 Rxg3+ 32. fxg3 Qxa3 33.
Qf4 a5 34. bxa5 bxa5 35. Qb8+ Kh7 36. Qb1+ g6 37. f4 Qb4 38. Qa1 d4 39. Qd1 a4
40. g4 Qb3+  0-1

[Event "22nd 4NCL Congress"]
[Site "Telford"]
[Date "2019.07.19"]
[Round "1"]
[Board "9"]
[White "Burns, Martin J"]
[Black "Connor, Michael I"]
[Result "1-0"]
[WhiteElo "1859"]
[BlackElo "1619"]
[PlyCount "51"]
[EventDate "2019.07.19"]
[EventRounds "5"]
[EventCountry "ENG"]

1. e4 Nf6 2. e5 Nd5 3. d4 d6 4. Nf3 g6 5. c3 Bg7 6. Qb3 Nb6 7. Bb5+ c6 8. Be2
O-O 9. O-O Bg4 10. Re1 d5 11. h3 Bxf3 12. Bxf3 e6 13. Bf4 N8d7 14. Nd2 Qc7 15.
Nf1 Nc4 16. Qc2 Rfc8 17. b3 Na3 18. Qb2 Bf8 19. Bg5 a5 20. Ne3 b5 21. Ng4 h5
22. Nf6+ Nxf6 23. Bxf6 b4 24. cxb4 Bxb4 25. Qc1 Be7 26. Qh6  1-0

[Event "22nd 4NCL Congress"]
[Site "Telford"]
[Date "2019.07.19"]
[Round "1"]
[Board "10"]
[White "Parry, Samuel A"]
[Black "Slinger, Aj (Tony)"]
[Result "1/2-1/2"]
[WhiteElo "1607"]
[BlackElo "1843"]
[PlyCount "83"]
[EventDate "2019.07.19"]
[EventRounds "5"]
[EventCountry "ENG"]

1. d4 d5 2. Bf4 e6 3. Nf3 Bd6 4. Bg3 Nf6 5. e3 O-O 6. Nbd2 b6 7. Bd3 Ba6 8. c4
c5 9. Qe2 Nc6 10. Ne5 Rc8 11. Ndf3 cxd4 12. Nxc6 Rxc6 13. Nxd4 Rc8 14. cxd5
Bb4+ 15. Kf1 Bxd3 16. Qxd3 Qxd5 17. Ke2 Rfd8 18. Rhd1 Qxg2 19. Qb3 Be7 20. Nf3
Qh3 21. Qa4 Qg4 22. Rxd8+ Rxd8 23. Qxg4 Nxg4 24. Rc1 Bc5 25. b4 Bf8 26. Rc7 Ra8
27. b5 Nf6 28. Rc4 Bc5 29. Ne5 a6 30. Ra4 a5 31. Nd3 Be7 32. Rc4 Kf8 33. Rc6
Bd8 34. a4 Ke8 35. f3 Nd5 36. Nb2 Ne7 37. Rc2 Rc8 38. Nc4 Kf8 39. Kd3 f6 40. e4
f5 41. Bf2 Rb8 42. Bg3  1/2-1/2

[Event "22nd 4NCL Congress"]
[Site "Telford"]
[Date "2019.07.19"]
[Round "1"]
[Board "11"]
[White "Heald, Carl"]
[Black "Ratnesan, Radha"]
[Result "1/2-1/2"]
[WhiteElo "1836"]
[BlackElo "1572"]
[PlyCount "126"]
[EventDate "2019.07.19"]
[EventRounds "5"]
[EventCountry "ENG"]

1. d4 Nf6 2. Nf3 e6 3. g3 d5 4. Bg2 Be7 5. O-O O-O 6. c4 b6 7. cxd5 exd5 8. Nc3
Bb7 9. Bg5 h6 10. Bf4 a6 11. Rc1 Nbd7 12. Qb3 Rc8 13. Na4 b5 14. Rc2 Nh5 15.
Be3 Ba8 16. Nc5 Nxc5 17. dxc5 Nf6 18. Rd1 Bc6 19. Ne5 Ba8 20. c6 Bd6 21. Bd4
Qe7 22. Qe3 Rfe8 23. Bh3 Rcd8 24. Nd7 Qxe3 25. Nxf6+ gxf6 26. Bxe3 h5 27. Rxd5
h4 28. gxh4 Bxh2+ 29. Kxh2 Rxd5 30. Bd7 Re4 31. Kg3 Rd1 32. Bf4 Rg1+ 33. Kf3
Rd4 34. e4 Rc4 35. Rxc4 bxc4 36. Bxc7 Rb1 37. Ba5 Rxb2 38. Bc3 Rxa2 39. Bxf6
Ra3+ 40. Ke2 Rb3 41. c7 Bb7 42. c8=Q+ Bxc8 43. Bxc8 a5 44. Bf5 Rb6 45. e5 a4
46. h5 a3 47. h6 Rxf6 48. h7+ Kh8 49. Bb1 Re6 50. f4 f6 51. Ba2 fxe5 52. Bxc4
exf4+ 53. Bxe6 Kxh7 54. Kf3 Kg6 55. Kxf4 Kf6 56. Ba2 Ke7 57. Bb3 Kd6 58. Bg8
Kc5 59. Bf7 Kb4 60. Ke3 Kc3 61. Ke2 Kb2 62. Kd2 a2 63. Bxa2 Kxa2  1/2-1/2

[Event "22nd 4NCL Congress"]
[Site "Telford"]
[Date "2019.07.19"]
[Round "1"]
[Board "12"]
[White "Jones, Dewi"]
[Black "Cawston, M John"]
[Result "0-1"]
[WhiteElo "1554"]
[BlackElo "1802"]
[PlyCount "40"]
[EventDate "2019.07.19"]
[EventRounds "5"]
[EventCountry "ENG"]

1. e4 c5 2. Nc3 a6 3. f4 b5 4. Nf3 Bb7 5. d3 e6 6. Be2 b4 7. Nb1 d5 8. f5 dxe4
9. fxe6 exf3 10. exf7+ Kxf7 11. O-O Nf6 12. Bxf3 Bxf3 13. Qxf3 Nbd7 14. Qd5+
Ke8 15. Re1+ Be7 16. Qe6 Rb8 17. Bf4 Rb6 18. Bd6 Ng8 19. Rf1 Ndf6 20. Bxe7 Qd4+
 0-1

[Event "22nd 4NCL Congress"]
[Site "Telford"]
[Date "2019.07.19"]
[Round "1"]
[Board "13"]
[White "Wariyar, Ravi"]
[Black "Shearsby, Jude"]
[Result "1-0"]
[WhiteElo "1799"]
[BlackElo "1486"]
[PlyCount "67"]
[EventDate "2019.07.19"]
[EventRounds "5"]
[EventCountry "ENG"]

1. e4 Nc6 2. Nf3 d6 3. d4 Nf6 4. Nbd2 g6 5. c3 Bg7 6. Bd3 O-O 7. O-O e5 8. dxe5
dxe5 9. Qe2 Qe7 10. Nc4 h6 11. b3 Ne8 12. Ba3 Nd6 13. Rad1 Be6 14. Ne1 Rad8 15.
Nc2 Kh7 16. N2e3 a6 17. Bc2 b5 18. Nxd6 cxd6 19. Rd2 b4 20. Bxb4 Nxb4 21. cxb4
Qb7 22. Rfd1 Qxb4 23. Bd3 a5 24. Bc4 a4 25. Bxe6 fxe6 26. Qc4 Qxc4 27. bxc4 Rf4
28. Rxd6 Rxd6 29. Rxd6 Rxe4 30. Ra6 Rd4 31. Rxa4 Rd2 32. c5 Rb2 33. Kf1 h5 34.
c6  1-0

[Event "22nd 4NCL Congress"]
[Site "Telford"]
[Date "2019.07.19"]
[Round "1"]
[Board "14"]
[White "Pelling, Kyle"]
[Black "Ashcroft, Graham J"]
[Result "1/2-1/2"]
[WhiteElo "1463"]
[BlackElo "1797"]
[PlyCount "54"]
[EventDate "2019.07.19"]
[EventRounds "5"]
[EventCountry "ENG"]

1. e4 e6 2. d4 d5 3. Nc3 Bb4 4. e5 c5 5. a3 Bxc3+ 6. bxc3 Ne7 7. Nf3 Bd7 8. Bd3
Ba4 9. Bd2 Nbc6 10. O-O Qc7 11. Re1 h6 12. Qb1 c4 13. Be2 O-O 14. Nh4 g5 15.
Nf3 f5 16. h3 Rf7 17. Bxg5 hxg5 18. Nxg5 Qd7 19. Nxf7 Kxf7 20. Bh5+ Ng6 21. Re3
Nce7 22. Qc1 Rh8 23. g4 f4 24. Rf3 Kg7 25. h4 Qd8 26. Rh3 b6 27. f3 Rh7  1/2-1/2

[Event "22nd 4NCL Congress"]
[Site "Telford"]
[Date "2019.07.19"]
[Round "1"]
[Board "15"]
[White "Procter, Colin S"]
[Black "Shepherd, Graham C"]
[Result "1-0"]
[WhiteElo "1776"]
[BlackElo "1459"]
[PlyCount "77"]
[EventDate "2019.07.19"]
[EventRounds "5"]
[EventCountry "ENG"]

1. c4 Nf6 2. g3 Nc6 3. Bg2 g6 4. d3 Bg7 5. Nc3 d6 6. e4 O-O 7. Nge2 e5 8. O-O
Bd7 9. Rb1 a5 10. f4 exf4 11. Nxf4 Ne5 12. b3 Bg4 13. Nfe2 c6 14. d4 Ned7 15.
h3 Bxe2 16. Nxe2 Re8 17. Qd3 Qc7 18. Nc3 Re7 19. Ba3 Ree8 20. Rbe1 Rad8 21. Bc1
Nf8 22. Bg5 N6d7 23. Qf3 h6 24. Bf4 Nf6 25. c5 Re6 26. cxd6 Qb6 27. Be3 Qb4 28.
Bf2 N6d7 29. e5 f6 30. d5 Rxe5 31. dxc6 bxc6 32. Qxc6 Nb8 33. Qc4+ Qxc4 34.
bxc4 Rxe1 35. Rxe1 Rxd6 36. Bd5+ Kh7 37. Re8 Nbd7 38. Ra8 f5 39. Nb5  1-0

[Event "22nd 4NCL Congress"]
[Site "Telford"]
[Date "2019.07.19"]
[Round "1"]
[Board "16"]
[White "Dewangan, Aayush"]
[Black "Kitchen, Peter J"]
[Result "1-0"]
[WhiteElo "1408"]
[BlackElo "1731"]
[PlyCount "91"]
[EventDate "2019.07.19"]
[EventRounds "5"]
[EventCountry "ENG"]

1. e4 e6 2. d4 d5 3. Nd2 Nf6 4. e5 Nfd7 5. f4 c5 6. c3 Nc6 7. Ndf3 Qb6 8. g3
cxd4 9. cxd4 Bb4+ 10. Kf2 Be7 11. Kg2 O-O 12. Bd3 f6 13. Ne2 fxe5 14. fxe5 Kh8
15. Bf4 Qd8 16. a3 a5 17. Qc2 h6 18. Qd2 g5 19. Be3 Rg8 20. h4 g4 21. Nh2 Nb6
22. Bf2 Bf8 23. Nf4 Ne7 24. Nh5 Nf5 25. Nf6 Rg6 26. h5 Rxf6 27. exf6 Qxf6 28.
Nxg4 Qg7 29. Bxf5 exf5 30. Ne5 Bd6 31. Ng6+ Kg8 32. Qe2 Bd7 33. Be3 Re8 34. Qf3
Re4 35. Rh4 Nc4 36. Rxe4 fxe4 37. Qf2 Bg4 38. Bf4 Bxh5 39. Bxd6 Bf3+ 40. Kg1
Qxg6 41. Bf4 Kg7 42. b3 Nd6 43. Rc1 Ne8 44. Be5+ Kf7 45. Rc5 Qg5 46. Bf4 $138
 1-0

[Event "22nd 4NCL Congress"]
[Site "Telford"]
[Date "2019.07.20"]
[Round "2"]
[Board "1"]
[White "Wariyar, Ravi"]
[Black "Jamieson, Ian M"]
[Result "1/2-1/2"]
[WhiteElo "1799"]
[BlackElo "1897"]
[PlyCount "54"]
[EventDate "2019.07.19"]
[EventRounds "5"]
[EventCountry "ENG"]

1. e4 e6 2. d4 d5 3. Nd2 dxe4 4. Nxe4 Nd7 5. Nf3 Ngf6 6. Nxf6+ Nxf6 7. g3 c5 8.
c3 cxd4 9. Nxd4 Be7 10. Be3 O-O 11. Bg2 Nd5 12. Nc2 Nxe3 13. Nxe3 Qb6 14. Qb3
Qa6 15. Bf1 Qc6 16. Bg2 Qc7 17. O-O Rb8 18. Rad1 b5 19. Rd2 a5 20. Rfd1 g6 21.
Qc2 Bf6 22. Rd6 Rd8 23. Nd5 exd5 24. Rxf6 d4 25. Rc6 Qa7 26. cxd4 Bg4 27. Rd2
Rxd4  1/2-1/2

[Event "22nd 4NCL Congress"]
[Site "Telford"]
[Date "2019.07.20"]
[Round "2"]
[Board "2"]
[White "Potter, Steven"]
[Black "Cast, Julian"]
[Result "0-1"]
[WhiteElo "1720"]
[BlackElo "1890"]
[PlyCount "94"]
[EventDate "2019.07.19"]
[EventRounds "5"]
[EventCountry "ENG"]

1. d4 e6 2. Nf3 Nf6 3. Bg5 h6 4. Bh4 c5 5. e3 cxd4 6. exd4 b6 7. Bd3 Bb7 8.
Nbd2 Be7 9. Bxf6 Bxf6 10. c3 d6 11. Qe2 a6 12. O-O O-O 13. Ne4 Be7 14. Bc2 Nd7
15. Qd3 Bxe4 16. Qxe4 Nf6 17. Qd3 Qc7 18. Rfe1 b5 19. Bb3 Rfe8 20. Nh4 d5 21.
Nf3 Bd6 22. Ne5 Ne4 23. Bc2 f5 24. f4 Rec8 25. a3 Ra7 26. Qf3 Bxe5 27. fxe5 Rf8
28. Bxe4 fxe4 29. Qh3 Qc8 30. Rf1 Raf7 31. Qe3 Qc4 32. Rxf7 Rxf7 33. Re1 Kh7
34. h4 Rf5 35. Kh2 a5 36. Qe2 a4 37. Qxc4 bxc4 38. Re2 Kg6 39. Kh3 Rf1 40. Kg4
h5+ 41. Kh3 Kf5 42. Kg3 g5 43. hxg5 Kxg5 44. Rc2 h4+ 45. Kh2 Kf4 46. Re2 e3 47.
g4 hxg3+  0-1

[Event "22nd 4NCL Congress"]
[Site "Telford"]
[Date "2019.07.20"]
[Round "2"]
[Board "3"]
[White "Whitehead, Mark A"]
[Black "Procter, Colin S"]
[Result "1/2-1/2"]
[WhiteElo "1887"]
[BlackElo "1776"]
[PlyCount "75"]
[EventDate "2019.07.19"]
[EventRounds "5"]
[EventCountry "ENG"]

1. e4 d5 2. exd5 Qxd5 3. Nc3 Qd6 4. d4 Nf6 5. Nf3 c6 6. Be2 Bf5 7. O-O e6 8. h3
h6 9. a3 Be7 10. Be3 O-O 11. Qd2 Nd5 12. Nxd5 exd5 13. Ne5 Nd7 14. g4 Bh7 15.
Bf4 Nxe5 16. dxe5 Qe6 17. Bg3 Bc5 18. Rae1 a5 19. Kg2 h5 20. f3 h4 21. Bh2 Qg6
22. Bd3 Qe6 23. f4 Bxd3 24. Qxd3 f5 25. g5 Kf7 26. Bg1 Bxg1 27. Kxg1 g6 28. a4
Rfe8 29. Rd1 Qe7 30. Qe3 Qb4 31. b3 Ra6 32. Rd3 Qb6 33. Kf2 Qxe3+ 34. Kxe3 Ke6
35. Rfd1 Rb6 36. c4 Rd8 37. cxd5+ Rxd5 38. R1d2  1/2-1/2

[Event "22nd 4NCL Congress"]
[Site "Telford"]
[Date "2019.07.20"]
[Round "2"]
[Board "4"]
[White "Karas, Eugenia"]
[Black "Burns, Martin J"]
[Result "0-1"]
[WhiteElo "1347"]
[BlackElo "1859"]
[PlyCount "74"]
[EventDate "2019.07.19"]
[EventRounds "5"]
[EventCountry "ENG"]

1. e4 e6 2. d3 d5 3. Nd2 Nf6 4. e5 Nfd7 5. Ngf3 c5 6. c3 Nc6 7. d4 Qc7 8. g3
cxd4 9. cxd4 Nb4 10. Rb1 Nc2+ 11. Ke2 b6 12. b4 Bxb4 13. Rb3 Ba6+ 14. Rd3 Bxd3+
15. Kxd3 Qc3+ 16. Ke2 Nxd4+ 17. Nxd4 Qxd4 18. Bg2 Qxe5+ 19. Kf1 O-O 20. Nf3 Qc3
21. Be3 Rac8 22. Kg1 Qc2 23. Qf1 Nf6 24. Qa6 Ng4 25. Bd4 Bc5 26. Qf1 Bxd4 27.
Nxd4 Qb2 28. Ne2 Rc2 29. Bf3 Ne5 30. Kg2 Nxf3 31. Kxf3 Rfc8 32. Ng1 Qf6+ 33.
Kg2 Rxa2 34. Nf3 Rcc2 35. Rg1 h6 36. h3 e5 37. Rh1 e4  0-1

[Event "22nd 4NCL Congress"]
[Site "Telford"]
[Date "2019.07.20"]
[Round "2"]
[Board "5"]
[White "Cawston, M John"]
[Black "Dewangan, Aayush"]
[Result "0-1"]
[WhiteElo "1802"]
[BlackElo "1408"]
[PlyCount "120"]
[EventDate "2019.07.19"]
[EventRounds "5"]
[EventCountry "ENG"]

1. c4 e5 2. Nc3 Nf6 3. Nf3 Nc6 4. g3 Bc5 5. Bg2 O-O 6. O-O d6 7. d3 Be6 8. Bg5
h6 9. Bxf6 Qxf6 10. Ne4 Qe7 11. Nxc5 dxc5 12. Rc1 Rfd8 13. Nd2 Nd4 14. Re1 Qd7
15. Ne4 b6 16. Nc3 c6 17. Qa4 b5 18. Qa5 bxc4 19. dxc4 Bxc4 20. Qxc5 Bd5 21.
Nxd5 cxd5 22. Qa5 Nc6 23. Qa4 Ne7 24. Qxd7 Rxd7 25. Rc5 Rc8 26. Rec1 Rxc5 27.
Rxc5 Kh7 28. Kf1 Kg6 29. e4 dxe4 30. Bxe4+ Kf6 31. Ke2 Ke6 32. h4 f5 33. Bc2 g5
34. hxg5 hxg5 35. Bb3+ Kf6 36. Ba4 Rd4 37. Bc2 Rd7 38. b4 Rb7 39. a3 Rd7 40.
Bb3 f4 41. gxf4 gxf4 42. b5 f3+ 43. Ke1 Rd3 44. Bc2 Rxa3 45. Kd2 Ra5 46. Be4
Ra2+ 47. Rc2 Rxc2+ 48. Kxc2 Nf5 49. Kd3 Nd4 50. Kc4 Kg5 51. Kd5 Kf4 52. Bd3 Ne2
53. Bg6 Nc3+ 54. Kc6 e4 55. Bh5 Nd1 56. Kb7 Nxf2 57. Kxa7 Nd3 58. b6 Nc5 59.
Be8 e3 60. Bb5 e2  0-1

[Event "22nd 4NCL Congress"]
[Site "Telford"]
[Date "2019.07.20"]
[Round "2"]
[Board "6"]
[White "Gardiner, Eric D"]
[Black "Radford, Mark Sr"]
[Result "1/2-1/2"]
[WhiteElo "1957"]
[BlackElo "1662"]
[PlyCount "67"]
[EventDate "2019.07.19"]
[EventRounds "5"]
[EventCountry "ENG"]

1. e4 e6 2. d4 d5 3. e5 c5 4. c3 Nc6 5. Nf3 Bd7 6. Be2 Nge7 7. O-O Nf5 8. dxc5
Bxc5 9. Bd3 Qc7 10. Bxf5 exf5 11. Qxd5 Be7 12. Re1 Be6 13. Qd1 Rd8 14. Qe2 O-O
15. Nbd2 Na5 16. Nd4 a6 17. Nxe6 fxe6 18. Nf3 h6 19. Be3 Nc4 20. Bd4 b5 21. a4
Qc6 22. axb5 axb5 23. Reb1 Ra8 24. Ne1 Rxa1 25. Rxa1 Ra8 26. Rxa8+ Qxa8 27. b3
Na3 28. h3 Qd5 29. Qd1 Qe4 30. Kf1 Qd5 31. Nf3 Bd8 32. b4 Nc4 33. Qe2 Be7 34.
Kg1  1/2-1/2

[Event "22nd 4NCL Congress"]
[Site "Telford"]
[Date "2019.07.20"]
[Round "2"]
[Board "7"]
[White "Williams, Stephen"]
[Black "Zabrocki, Philip"]
[Result "1/2-1/2"]
[WhiteElo "1653"]
[BlackElo "1952"]
[PlyCount "79"]
[EventDate "2019.07.19"]
[EventRounds "5"]
[EventCountry "ENG"]

1. d4 Nf6 2. c4 g6 3. Nc3 Bg7 4. e4 d6 5. Be2 O-O 6. Be3 c5 7. e5 Nfd7 8. exd6
exd6 9. Nf3 Nc6 10. O-O f5 11. Qd2 cxd4 12. Nxd4 f4 13. Nxc6 bxc6 14. Bxf4 Ne5
15. Be3 Be6 16. b3 Qc7 17. h3 Rfd8 18. Rac1 Qa5 19. Rfd1 Qb4 20. Ne4 Qxd2 21.
Rxd2 Nf7 22. Ng5 Nxg5 23. Bxg5 Rd7 24. Bf3 d5 25. cxd5 cxd5 26. Rcd1 h6 27. Be3
Rad8 28. Bc5 d4 29. Be4 Kf7 30. Rd3 Bf5 31. Bxf5 gxf5 32. Kf1 Rc8 33. Bxd4 Rcd8
34. Bxg7 Rxd3 35. Rxd3 Rxd3 36. Bxh6 Rd1+ 37. Ke2 Ra1 38. a4 Rb1 39. Bd2 Rxb3
40. h4  1/2-1/2

[Event "22nd 4NCL Congress"]
[Site "Telford"]
[Date "2019.07.20"]
[Round "2"]
[Board "8"]
[White "Smith, Simon C"]
[Black "Preece, Tony"]
[Result "1/2-1/2"]
[WhiteElo "1911"]
[BlackElo "1645"]
[PlyCount "84"]
[EventDate "2019.07.19"]
[EventRounds "5"]
[EventCountry "ENG"]

1. c4 f5 2. d4 e6 3. g3 Nf6 4. Bg2 Be7 5. Nf3 O-O 6. O-O d6 7. Nc3 Qe8 8. Re1
Ne4 9. Nxe4 fxe4 10. Nd2 d5 11. f3 exf3 12. exf3 Bf6 13. cxd5 Bxd4+ 14. Kh1 Qg6
15. Nc4 Qf6 16. Bg5 Qxg5 17. Qxd4 Qxd5 18. Qc3 Nc6 19. Rad1 Qc5 20. f4 Rb8 21.
Ne5 Qxc3 22. bxc3 Nxe5 23. Rxe5 b5 24. Rd4 Kf7 25. Rc5 Re8 26. Rxc7+ Re7 27.
Rc5 Bb7 28. Bxb7 Rbxb7 29. Kg2 Rec7 30. Rxc7+ Rxc7 31. a4 bxa4 32. Rxa4 Rxc3
33. Rxa7+ Kf6 34. Ra5 h6 35. h4 Rd3 36. h5 Rd5 37. Rxd5 exd5 38. Kf3 g5 39.
hxg6 Kxg6 40. g4 h5 41. gxh5+ Kxh5 42. Ke3 Kg4  1/2-1/2

[Event "22nd 4NCL Congress"]
[Site "Telford"]
[Date "2019.07.20"]
[Round "2"]
[Board "9"]
[White "Gostelow, David W"]
[Black "Homer, Neil S"]
[Result "1-0"]
[WhiteElo "1906"]
[BlackElo "1638"]
[PlyCount "58"]
[EventDate "2019.07.19"]
[EventRounds "5"]
[EventCountry "ENG"]

1. d4 d5 2. Bf4 c5 3. e3 Nf6 4. c3 Nc6 5. Nd2 Bf5 6. Qb3 Qd7 7. Ngf3 c4 8. Qd1
Bg4 9. Be2 e6 10. O-O Bxf3 11. Bxf3 Bd6 12. Bxd6 Qxd6 13. e4 dxe4 14. Nxe4 Nxe4
15. Bxe4 O-O 16. Qe2 f5 17. Bf3 b5 18. Rfe1 Rae8 19. a4 a6 20. axb5 axb5 21.
Ra6 Rc8 22. Qxe6+ Qxe6 23. Rxe6 Nd8 24. Re7 Kh8 25. Raa7 Nc6 26. Bxc6 Rxc6 27.
Rxg7 Re8 28. Rxh7+ Kg8 29. Rhg7+ Kf8  1-0